000 00646nam a2200217 a 4500
005 20241012063831.0
008 991125s1992 ag 000 0 spa u
020 _a9507550461
035 _aUPN01000033530
049 _aF
050 4 _aLB1715
_bL55 no.1
100 1 _aMedina, Ramón Enrique
245 1 3 _aEl juego y su revalorización en la escuela /
_cRamón Enrique Medina.
260 _aBuenos Aires :
_bBraga,
_c1992.
300 _a23 p. :
_bil.
440 0 _aLineamientos.
_pCuadernos de orientación educativa ;
_v1
650 4 _aJuegos infantiles
_96445
650 4 _aJuegos educativos
_93952
905 _aLibro
999 _c33530
_d33530